00339nam a2200109Ia 4500008004000000082001600040100003500056245003600091260003900127300001200166650005100178210210b1981 xxu||||| |||| 00| 0 eng d a343.07 DASG aDASGUPTA (A) & SENGUPTA (N K). aGovernment & business in India. aCalcuttabAllied book agencyc1981 axii,411 aGovernment & business Business & Government